Jackie Down the Line by Fontaines D.C. - Lyric Quiz - Statistics

General Stats
  • This quiz has been taken 279 times
    5 since last reset
  • The average score is 223 of 348
Answer Stats
Answer % Correct
a
100%
Do
100%
do
100%
don't
100%
Don't
100%
down
100%
I
100%
Jackie
100%
La
100%
la
100%
line
100%
on
100%
one
100%
So
100%
the
100%
two
100%
you
100%
am
80%
away
80%
be
80%
go
80%
Got
80%
got
80%
in
80%
knows
80%
maybe
80%
murder
80%
My
80%
of
80%
Sally
80%
says
80%
Says
80%
she
80%
time
80%
To
80%
to
80%
we
80%
When
80%
will
80%
with
80%
ya
80%
can
60%
can't
60%
come
60%
did
60%
Does
60%
find
60%
for
60%
For
60%
friend
60%
I'll
60%
me
60%
point
60%
Said
60%
They
60%
think
60%
those
60%
view
60%
wear
60%
well
60%
your
60%
as
40%
boneyard
40%
desert
40%
eyes
40%
failing
40%
funny
40%
happens
40%
her
40%
hurt
40%
I'm
40%
I've
40%
make
40%
morning
40%
Sally's
40%
see
40%
See
40%
Something
40%
ye
40%
you've
40%
And
20%
Before
20%
'bout
20%
break
20%
decline
20%
entertainment
20%
future
20%
good
20%
have
20%
hell
20%
If
20%
is
20%
it
20%
mine
20%
no
20%
rhyme
20%
spirit
20%
surprise?
20%
take
20%
want
20%
What
20%
word
20%
yeah
20%
all
0%
alone
0%
always
0%
beating
0%
bored
0%
care
0%
carefully
0%
chew
0%
crying
0%
debase
0%
handsome
0%
happiness
0%
hate
0%
hawked
0%
heart
0%
It's
0%
Jackeen
0%
mourners
0%
odds
0%
only
0%
right
0%
secrets
0%
short
0%
spine
0%
stone
0%
sturdy
0%
through
0%
told
0%
up
0%
wield
0%
No matching quizzes found
Score Distribution
Percent of People with Each Score
Percentile by Number Answered
Your Score History
You have not taken this quiz since the last reset